| 000 | 00643nam a22002177a 4500 | ||
|---|---|---|---|
| 003 | OSt | ||
| 005 | 20240610044954.0 | ||
| 008 | 240610b |||||||| |||| 00| 0 eng d | ||
| 020 | _a9789332579422 | ||
| 040 |
_aDWC- Main Lib _cOC |
||
| 082 | _aCirc. 658.5 T216i 2015 | ||
| 100 | _aTaylor, Bernard | ||
| 245 |
_aIntroduction to management science / _cBernard Taylor |
||
| 250 | _a2nd edition | ||
| 260 |
_aNY : _bPearson, _cc2015. |
||
| 300 |
_a858 pages : _billustrations ; _c26cm. |
||
| 504 | _aIncludes index and glossary. | ||
| 650 | _a1. Management science. | ||
| 650 | _a2. Decision making– data processing. | ||
| 942 |
_2ddc _cBK-CIRC _n1 |
||
| 999 |
_c449 _d449 |
||